[Event "Pirgou Sphlios op 2nd"]
[Site "Greece"]
[Date "2007.08.18"]
[Round "5"]
[White "Festa, Giovanni"]
[Black "Pappelis, Dimitrios"]
[Result "1/2-1/2"]
[WhiteElo "1969"]
[BlackElo "1570"]
[PlyCount "145"]
[EventDate "2007.08.16"]
[EventType "swiss"]
[EventRounds "7"]
[EventCountry "GRE"]
[SourceTitle "EXT 2008"]
[Source "ChessBase"]
[SourceDate "2007.11.25"]
[SourceVersion "1"]
[SourceVersionDate "2007.11.25"]
[SourceQuality "1"]

1. d4 d6 2. Nf3 Bg4 3. e3 Nd7 4. Bc4 Ngf6 5. 0-0 e5 6. dxe5 dxe5 7. Be2 c6 8. Nbd2 Qc7 9. Ng5 Bxe2 10. Qxe2 h6 11. Nge4 0-0-0 12. Nxf6 Nxf6 13. e4 Bc5 14. b4 Bxb4 15. Rb1 Bxd2 16. Bxd2 Nxe4 17. Qxe4 Rxd2 18. Qe3 Rd4 19. c3 Ra4 20. Rb2 Rd8 21. Rfb1 Qd6 22. h3 b6 23. Qf3 Rf4 24. Qe2 Ra4 25. Qf3 f6 26. Qf5+ Kb7 27. Qc2 Ra3 28. c4 Qd3 29. c5 Qxc2 30. Rxc2 Rad3 31. Kh2 Rd2 32. Rcb2 Rxb2 33. Rxb2 Rd5 34. cxb6 axb6 35. Kg3 c5 36. Kf3 c4 37. Ke4 c3 38. Rc2 Rc5 39. h4 g6 40. g4 Kc6 41. h5 gxh5 42. gxh5 Kb5 43. Kf5 Kc4 44. Ke4 f5+ 45. Ke3 Rb5 46. a4 Rb2 47. Rc1 Kb3 48. f3 c2 49. Kd2 Rb1 50. Rxc2 Rb2 51. Rxb2+ Kxb2 52. Ke2 Kc3 53. Ke3 Kc4 54. Ke2 Kb4 55. Kd3 Kxa4 56. Kc4 b5+ 57. Kd5 e4 58. fxe4 fxe4 59. Kxe4 Kb3 60. Kf5 Kc4 61. Kg6 b4 62. Kxh6 b3 63. Kg7 b2 64. h6 b1Q 65. h7 Qg1+ 66. Kf7 Qf2+ 67. Kg8 Qg3+ 68. Kh8 Qe5+ 69. Kg8 Qe8+ 70. Kg7 Qe7+ 71. Kg8 Qg5+ 72. Kf7 Qf5+ 73. Kg7 1/2-1/2

[Event "Pirgou Sphlios op 2nd"]
[Site "Greece"]
[Date "2007.08.16"]
[Round "1"]
[White "Festa, Giovanni"]
[Black "Magklaras, Themistoklis Panayi"]
[Result "1-0"]
[WhiteElo "1969"]
[BlackElo "1075"]
[PlyCount "43"]
[EventDate "2007.08.16"]
[EventType "swiss"]
[EventRounds "7"]
[EventCountry "GRE"]
[SourceTitle "EXT 2008"]
[Source "ChessBase"]
[SourceDate "2007.11.25"]
[SourceVersion "1"]
[SourceVersionDate "2007.11.25"]
[SourceQuality "1"]

1. d4 Nf6 2. c4 g6 3. Nc3 Bg7 4. Nf3 0-0 5. e4 d6 6. Be2 e5 7. Be3 Nc6 8. d5 Ne7 9. h3 Nd7 10. Qd2 f5 11. Bh6 f4 12. Bxg7 Kxg7 13. Ng5 Nf6 14. 0-0-0 a5 15. g3 h6 16. gxf4 hxg5 17. fxe5 Nh7 18. e6 Rh8 19. Qd4+ Kg8 20. Rd3 Qf8 21. Rf3 Qe8 22. Rf7 1-0

[Event "Pirgou Sphlios op 2nd"]
[Site "Greece"]
[Date "2007.08.16"]
[Round "2"]
[White "Foyfopoylos, A."]
[Black "Festa, Giovanni"]
[Result "0-1"]
[WhiteElo "1515"]
[BlackElo "1969"]
[PlyCount "78"]
[EventDate "2007.08.16"]
[EventType "swiss"]
[EventRounds "7"]
[EventCountry "GRE"]
[SourceTitle "EXT 2008"]
[Source "ChessBase"]
[SourceDate "2007.11.25"]
[SourceVersion "1"]
[SourceVersionDate "2007.11.25"]
[SourceQuality "1"]

1. e4 c5 2. Nf3 Nc6 3. d4 cxd4 4. Nxd4 Nf6 5. Nc3 g6 6. Be3 Bg7 7. f3 0-0 8. Qd2 d6 9. 0-0-0 Bd7 10. g4 Rc8 11. h4 h5 12. gxh5 Nxh5 13. Bh3 Bxh3 14. Rxh3 Kh7 15. Nxc6 bxc6 16. f4 Qa5 17. Bd4 e5 18. fxe5 dxe5 19. Be3 Rcd8 20. Qe2 Rxd1+ 21. Qxd1 Rd8 22. Qg4 Qc7 23. Rh1 a5 24. Rf1 Qb7 25. Rf5 Nf6 26. Rxf6 Bxf6 27. h5 Qd7 28. hxg6+ fxg6 29. Qg2 Kg7 30. Bg5 Qe7 31. Bxf6+ Qxf6 32. a3 Qf4+ 33. Kb1 Rd2 34. Qg1 Qf2 35. Qxf2 Rxf2 36. b4 axb4 37. axb4 g5 38. Nd5 cxd5 39. exd5 g4 0-1